| Поле | Инд. | ПП | Название | Значение |
|---|---|---|---|---|
| Тип записи | a | |||
| Библиографический уровень | b | |||
| 001 | Контрольный номер | UNIDUBNA54d00999d6ce4821880a70109e3f4414 | ||
| 005 | Дата корректировки | 20250915104234.1 | ||
| 008 | Кодируемые данные | 20170331 | ||
| 040 | b | Код языка каталог. | rus | |
| e | Правила каталог. | PSBO | ||
| 041 | 0_ | a | Код языка текста | rus |
| 084 | a | Индекс другой классификации/Индекс ББК | 60.9кр7 | |
| 100 | 1_ | a | Автор | Тагирова Ю. В. |
| 245 | 10 | a | Заглавие | Игра как часть управленческих технологий |
| 520 | 0_ | a | Аннотация | О работе центра профессионального мастерства социальных работников, где проводятся семинары, тренинги, чтения специальной литературы, деловые игры и другое из технологий управления. Так передается опыт командному резерву. Предлагается методическое пособие с вариантом деловой игры по менеджменту в трудовом коллективе. |
| 650 | 14 | a | Основная рубрика | социальная работа |
| 653 | 0_ | a | Ключевые слова | деловые игры |
| a | Ключевые слова | игра | ||
| a | Ключевые слова | квалификация специалистов | ||
| a | Ключевые слова | коммуникация | ||
| a | Ключевые слова | комплексная социальная помощь | ||
| a | Ключевые слова | коррекционно-реабилитационная работа | ||
| a | Ключевые слова | повышение квалификации | ||
| a | Ключевые слова | профессиональное мастерство | ||
| a | Ключевые слова | психосоциальная реабилитация | ||
| a | Ключевые слова | реабилитационные технологии | ||
| a | Ключевые слова | социализация | ||
| a | Ключевые слова | социальная интеграция | ||
| a | Ключевые слова | социальная реабилитация | ||
| a | Ключевые слова | социальный работник | ||
| a | Ключевые слова | управленческие технологии | ||
| a | Ключевые слова | центры социально-психологической помощи | ||
| 773 | 08 | t | Заглавие источника | Работник социальной службы |
| d | Дата издания источника | 2023 | ||
| g | Прочая информация | № 1. - С. 92 - 104 : 9 прил. | ||
| w | Контрольный № источника | UNIDUBNAd55c988047cf427e89d450b488b4e4c9 | ||
| 901 | t | Тип документа | b |